Main Songs by BTS / Bangtan Boys - Statistics

General Stats
  • This quiz has been taken 2,924 times
  • The average score is 9 of 12
Answer Stats
MV Released Song % Correct
September 2013 N.O
94%
June 2013 No More Dream
89%
May 2016 Fire
79%
November 2015 Run
79%
February 2014 Boy in Luv
76%
April 2015 I Need U
74%
June 2015 Dope
73%
July 2013 We Are Bulletproof
70%
August 2014 Danger
69%
October 2014 War of Hormone
62%
April 2014 Just One Day
60%
April 2016 Young Forever
36%
No matching quizzes found
Score Distribution
Percent of People with Each Score
Percentile by Number Answered
Your Score History
You have not taken this quiz